Statistics for history of space exploration

Click here to take the quiz!

General Stats

  • This quiz has been taken 26 times
  • The average score is 8 of 31

Answer Stats

HintYearAnswer% Correct
First satellite into space1957sputnik 1
100%
First human in space1961Yuri Gagarin
86%
First person to walk on the moon1969Neil Armstrong
76%
First animal in space1957Laika
71%
First rocket into space1944V2
71%
First crewed lunar landing1969Apollo 11
57%
First crewed lunar orbiter1968Apollo 8
43%
First object to touch another celestial body1959luna 2
33%
First Venus flyby1961venera 1
29%
First spacewalker1965Alexei Leonov
24%
First Mars flyby1965Mariner 4
24%
First object to touch another planet1966venera 3
24%
First object in heliocentric orbit1959luna 1
19%
First Pluto flyby2015New Horizons
19%
First production car in space2018Tesla Roadster
19%
First Neptune flyby1989Voyager 2
19%
First Uranus flyby1986Voyager 2
19%
First international space mission1975Apollo-Soyuz
14%
First outer solar system lander2005Huygens
14%
First to exit the heliosphere2012Voyager 1
14%
First Mercury flyby1975Mariner 10
10%
First Jupiter flyby1974Pioneer 10
10%
First Saturn flyby1979Pioneer 11
10%
First space station1971Salyut 1
10%
First asteroid flyby1991Galileo
5%
First to orbit another celestial body1966luna 10
5%
First lunar rover1970Lunokhod 1
5%
First mars rover1996Mars Pathfinder
5%
First asteroid landing2001NEAR Shoemaker
5%
First lift-off from an extraterrestrial body1967Surveyor 6
5%
First images from another planet1975Venera 9
5%

Score Distribution

Percentile by Number Answered

Percent of People with Each Score

Your Score History

You have not taken this quiz